| 000 | 01477nac a22003131u 4500 | ||
|---|---|---|---|
| 010 | _a 2007014296 | ||
| 020 | _a9780415374934 (hardback : alk. paper) | ||
| 020 | _a9780415374941 (pbk. : alk. paper) | ||
| 020 | _a9780203934173 (ebook) | ||
| 082 | 0 | 0 |
_a303.66 _bHAM |
| 090 |
_c8321 _d8321 |
||
| 100 | _aHammond, Phil, | ||
| 245 | 1 | 0 |
_aMedia, war, and postmodernity / _cPhilip Hammond. |
| 260 |
_aMilton Park, Abingdon, Oxon ; _aNew York : _bRoutledge,2007. _c2007. |
||
| 300 |
_a175 p. _c24 cm. |
||
| 500 | _aDistributer: Al-Ahram | ||
| 504 | _aIncludes bibliographical references and index. | ||
| 505 | 0 | _aIntroduction: Postmodernism and 9/11 -- Postmodern war in a world without meaning -- The humanitarian spectacle -- The media war on terrorism -- Culture wars and the post-Vietnam condition -- Security and vulnerability in the "risk society" -- Postmodern empire and the "death of the subject" -- Conclusion: Beyond postmodernity. | |
| 511 | _aCatalogued by: Sara | ||
| 650 | 0 | _aMass media and war. | |
| 650 | 0 | _aWar in mass media. | |
| 650 | 0 | _aWar and society. | |
| 650 | 0 |
_aPostmodernism _xSocial aspects. |
|
| 650 | 0 |
_aHistory, Modern _y1945-1989. |
|
| 650 | 0 |
_aHistory, Modern _y1989- |
|
| 856 | 4 | 1 |
_3Table of contents only _uhttp://www.loc.gov/catdir/toc/ecip0715/2007014296.html |
| 942 |
_cBB _k303.66HAM |
||
| 999 |
_c8321 _d8321 |
||